000 00766na a2200289 4500
001 15323
003 MIRAKIL
005 20240504112842.0
008 161101b tu 000 0
020 _a975470659X
035 _a15323
040 _aMilas
_btur
_cTR-AnCHP
041 _atur
082 _a817.42
_bG35k 1998
090 _a817.42 G35k 1998
100 _aGenç, Nihat
_d1956-
245 _aKöpekleşmenin tarihi
_cNihat Genç
250 _a2. bs.
260 _aİstanbul
_bİletişim
_c1998
300 _a219 s.
_c19 sm.
650 _aTürk edebiyatı
_xDenemeler
650 _aToplumsal sorunlar
_xDenemeler
_zTürkiye
650 _aSiyaset sosyolojisi
_xDenemeler
650 _aSiyasal tarih
_zdenemler
942 _2ddc
_cBKS
999 _c1837
_d1837
999 _d1837